An Autumn Tour in The United States and Canada / (Record no. 187038)
[ view plain ]
| 000 -LEADER | |
|---|---|
| fixed length control field | 00812 a2200169 4500 |
| 003 - CONTROL NUMBER IDENTIFIER | |
| control field | Nust |
| 005 - DATE AND TIME OF LATEST TRANSACTION | |
| control field | 20230130190957.0 |
| 040 ## - CATALOGING SOURCE | |
| Transcribing agency | Nust |
| 082 ## - DEWEY DECIMAL CLASSIFICATION NUMBER | |
| Classification number | 910.9970,MED |
| 100 ## - MAIN ENTRY--PERSONAL NAME | |
| Personal name | Medley, Julius George |
| 9 (RLIN) | 108129 |
| 245 ## - TITLE STATEMENT | |
| Title | An Autumn Tour in The United States and Canada / |
| Statement of responsibility, etc. | Julius George Medley |
| 260 ## - PUBLICATION, DISTRIBUTION, ETC. | |
| Place of publication, distribution, etc. | London |
| Name of publisher, distributor, etc. | Henry S King |
| 300 ## - PHYSICAL DESCRIPTION | |
| Extent | 180:p |
| 505 ## - FORMATTED CONTENTS NOTE | |
| Formatted contents note | Introductory The United State (Page-1), American Society Speech Hospitality (Page-26), American Politics American (Page-46), American Travelling Railroads Steam Boats Hotels (Page-69), The Hudson West Point Lakes George (Page-82), St. Louis Cincinnati Pittsburg Washing ton (Page-102), Canada Montreal Quebec Ottawa The Colonial Question Toronto (Page-125), American Engineering (Page-167). |
| 650 ## - SUBJECT ADDED ENTRY--TOPICAL TERM | |
| Topical term or geographic name entry element | Travelling |
| 9 (RLIN) | 108130 |
| 942 ## - ADDED ENTRY ELEMENTS (KOHA) | |
| Source of classification or shelving scheme | |
| Koha item type | Book |
| Withdrawn status | Lost status | Source of classification or shelving scheme | Damaged status | Not for loan | Permanent Location | Current Location | Shelving location | Date acquired | Full call number | Barcode | Date last seen | Price effective from | Koha item type | Public note |
|---|---|---|---|---|---|---|---|---|---|---|---|---|---|---|
| Military College of Signals (MCS) | Military College of Signals (MCS) | General Stacks | 12/12/2016 | 910.9970,MED | MCS29032 | 12/08/2016 | 12/12/2016 | Book | Almirah No.59, Shelf No.1 |
